| Tag |
First Indicator |
Second Indicator |
Subfields |
| LEADER |
00000cam a2200000 a 4500 |
| 001 |
in00000385621 |
| 005 |
20151011112926.0 |
| 008 |
840712s1984 mtuab b 00110 eng |
| 010 |
|
|
|a 84061620
|
| 020 |
|
|
|a 0933126514 (pbk.) :
|c $9.95
|
| 035 |
|
|
|a (OCoLC)12108375
|
| 035 |
|
|
|9 ABR8941AM
|
| 039 |
0 |
|
|a 2
|b 3
|c 3
|d 3
|e 3
|
| 040 |
|
|
|a DLC
|c DLC
|d TXA
|d UtOrBLW
|
| 043 |
|
|
|a n-us---
|
| 049 |
|
|
|a TXAM
|c [A08567875]
|a TXAS [mil]
|
| 050 |
0 |
0 |
|a V820.3
|b .E95 1984
|
| 082 |
0 |
|
|a 359.3/253/0973
|2 19
|
| 100 |
1 |
|
|a Ewing, Steve.
|
| 245 |
1 |
0 |
|a American cruisers of World War II :
|b a pictorial encyclopedia /
|c by Steve Ewing.
|
| 264 |
|
1 |
|a Missoula, Mont. :
|b Pictorial Histories Pub. Co.,
|c [1984]
|
| 264 |
|
4 |
|c ©1984
|
| 300 |
|
|
|a xi, 140 pages :
|b illustrations, maps ;
|c 28 cm.
|
| 336 |
|
|
|a text
|b txt
|2 rdacontent
|
| 337 |
|
|
|a unmediated
|b n
|2 rdamedia
|
| 338 |
|
|
|a volume
|b nc
|2 rdacarrier
|
| 500 |
|
|
|a Includes index.
|
| 504 |
|
|
|a Bibliography: pages 138-139.
|
| 650 |
|
0 |
|a Cruisers (Warships)
|z United States
|x History.
|
| 650 |
|
0 |
|a Aircraft carriers
|z United States
|x History.
|
| 650 |
|
0 |
|a World War, 1939-1945
|x Naval operations, American.
|
| 999 |
|
|
|a MARS
|
| 999 |
f |
f |
|s eed7abd5-8e8f-3be3-8272-4aa5972503dd
|i 0c599180-f359-3cf9-9ee4-f445b10ec5ee
|t 0
|
| 952 |
f |
f |
|p noncirc
|a Texas A&M University
|b College Station
|c Cushing Memorial Library & Archives
|d Cushing: Ragan Military (Does not check out)
|t 0
|e V820.3 .E95 1984
|h Library of Congress classification
|i unmediated -- volume
|
| 952 |
f |
f |
|p normal
|a Texas A&M University
|b College Station
|c Sterling C. Evans Library
|d Evans: Library Stacks
|t 0
|e V820.3 .E95 1984
|h Library of Congress classification
|i unmediated -- volume
|m A14808567875
|
| 998 |
f |
f |
|a V820.3 .E95 1984
|t 0
|l Cushing: Ragan Military (Does not check out)
|
| 998 |
f |
f |
|a V820.3 .E95 1984
|t 0
|l Evans: Library Stacks
|